000 00308nam a22001337a 4500
008 170407b xxu||||| |||| 00| 0 eng d
020 _a07216113373
041 _aeng
080 _218
_a616
100 _a9
101 _aSHM
245 _aPATHOLOGY NEOPLASIA IN CHILDREN
_cCOFFEN.M.CH
942 _2udc
_cBK
999 _c10233
_d10233